Kalipunan ng mga bugtong/ (Record no. 9762)

MARC details
000 -LEADER
fixed length control field 00479nam a22001697a 4500
003 - CONTROL NUMBER IDENTIFIER
control field OSt
005 - DATE AND TIME OF LATEST TRANSACTION
control field 20260423024652.0
008 - FIXED-LENGTH DATA ELEMENTS--GENERAL INFORMATION
fixed length control field 260423b |||||||| |||| 00| 0 eng d
020 ## - INTERNATIONAL STANDARD BOOK NUMBER
International Standard Book Number 971-8905-57-x
040 ## - CATALOGING SOURCE
Original cataloging agency DWC-Main Lib.
Transcribing agency OC
082 ## - DEWEY DECIMAL CLASSIFICATION NUMBER
Classification number Res.398.6 Ol3k 2000
100 ## - MAIN ENTRY--PERSONAL NAME
Personal name Olino, Rogelio S.
245 ## - TITLE STATEMENT
Title Kalipunan ng mga bugtong/
Statement of responsibility, etc. Rogelio S. Olino
260 ## - PUBLICATION, DISTRIBUTION, ETC.
Place of publication, distribution, etc. Philippines:
Name of publisher, distributor, etc. RSO Trading,
Date of publication, distribution, etc. c2000.
300 ## - PHYSICAL DESCRIPTION
Extent 106 p. ;
Dimensions 18 cm.
942 ## - ADDED ENTRY ELEMENTS (KOHA)
Source of classification or shelving scheme Dewey Decimal Classification
Koha item type Book- Reserved
Classification part Res.
Suppress in OPAC No
952 ## - LOCATION AND ITEM INFORMATION (KOHA)
--
952 ## - LOCATION AND ITEM INFORMATION (KOHA)
--
Holdings
Withdrawn status Lost status Source of classification or shelving scheme Damaged status Not for loan Home library Current library Shelving location Source of acquisition Cost, normal purchase price Total Checkouts Full call number Barcode Date last seen Copy number Price effective from Koha item type Uniform Resource Identifier
    Dewey Decimal Classification     College Library College Library Reserved School Fund 0.00   Res. 398.6 Ol3k 2000 CL37911 04/23/2026 c1 04/23/2026 BK-0 CIRC
    Dewey Decimal Classification     College Library College Library Reserved School Fund 0.00   Res. 398.6 Ol3k 2000 CL37912 04/23/2026 c2 04/23/2026 BK-0 CIRC